Mechatronická zlievarenská forma ako systém s rozloženými parametrami : Dizertačná práca na získanie vedecko-akademickej hodnosti "Philosophiae Doctor"

Gespeichert in:
Bibliographische Detailangaben
1. Verfasser: Buček, Pavol, 1981- (Verfasst von)
Weitere Verfasser: Hulkó, Gabriel, 1947- (Betreuung Doktorarbeit)
Format: Buch
Sprache:Slowakisch
Veröffentlicht: Bratislava : STU v Bratislave SjF, 2010
Schlagworte:
Tags: Tag hinzufügen
Keine Tags, Fügen Sie das erste Tag hinzu!

MARC

LEADER 00000nam a22000003a 4500
001 stu224839
005 20150617230034.4
008 110503s2010------------------------slo-d
040 |a STU  |b slo 
041 0 |a slo 
100 1 |a Buček, Pavol,  |d 1981-  |4 aut  |u J0020  |9 100  |U SjF Strojnícka fakulta  |T SjF Ústav automatizácie, merania a aplikovanej informatiky  |X 10347  |U J0020  |Y 802  |7 A000010347 
245 1 |a Mechatronická zlievarenská forma ako systém s rozloženými parametrami :  |b Dizertačná práca na získanie vedecko-akademickej hodnosti "Philosophiae Doctor" 
260 |a Bratislava :  |b STU v Bratislave SjF,  |c 2010 
300 |a 140 s 
650 7 |a mechatronika  |2 stusub 
650 7 |a Mechatronics  |2 estusub 
650 7 |a DPS-distributed parameter system  |2 estusub 
650 7 |a SRP - systémy s rozloženými parametrami  |2 stusub 
650 7 |a zlievarenské formy  |2 stusub 
700 1 |a Hulkó, Gabriel,  |d 1947-  |4 ths  |u J0020  |U SjF Strojnícka fakulta  |T SjF Ústav automatizácie, merania a aplikovanej informatiky  |X 2456  |U J0020  |Y 802  |7 A000002456 
996 |b 284J038835  |c J*113908  |l JJST  |s P  |a 0  |w stu224839_0001